| 000 | 01078cab a2200397 4500 | ||
|---|---|---|---|
| 001 | ABS50621 | ||
| 008 | 090401t1994 xxu||||| |||| 00| 0 eng d | ||
| 035 | _a(Sirsi) u76703 | ||
| 041 | _aeng | ||
| 245 | _aFocus `94: Staffs and Shrops | ||
| 260 | _c1994 | ||
| 350 | _a0 | ||
| 490 |
_aEstates Gazette _v(9419) 14 May 1994, 87-114(16) |
||
| 650 | _aBASS | ||
| 650 | _aBURTON UPON TRENT | ||
| 650 | _aCANNOCK | ||
| 650 | _aHANLEY | ||
| 650 | _aINDUSTRIAL MARKET | ||
| 650 | _aLICHFIELD | ||
| 650 | _aNEWCASTLE-UNDER-LYME | ||
| 650 | _aPROPERTY-COMMERCIAL PROPERTY-OFFICE PROPERTY-OFFICE PROPERTY MARKET | ||
| 650 | _aPOTTERIES | ||
| 650 | _aPROPERTY-COMMERCIAL PROPERTY-RETAIL PROPERTY-RETAIL PROPERTY MARKET | ||
| 650 | _aSHREWSBURY | ||
| 650 | _aSHROPSHIRE | ||
| 650 | _aSTAFFORD | ||
| 650 | _aSTAFFORDSHIRE | ||
| 650 | _aSTOKE-ON-TRENT | ||
| 650 | _aSWADLINCOTE | ||
| 650 | _aTAMWORTH | ||
| 650 | _aTELFORD | ||
| 650 | _aTOYOTA | ||
| 690 | _aPROPERTY-COMMERCIAL PROPERTY-COMMERCIAL PROPERTY MARKET | ||
| 942 | _n0 | ||
| 948 | _c04/03/1997 | ||
| 999 |
_c48192 _d48192 |
||